Ceny akcií investičných fondov sú podhodnotené Investičné fondy - zaujímavá investičná príležitosť

Vznik investičných fondov v súvislosti s privatizáciou štátnych podnikov kupónovou metódou. Hodnotenie investičných fondov po viac ako dvojročnej existencii. Niektoré fondy sú kótované na BCPB, BOB alebo RM-Systém Bratislava. Analýza investičných fondov na Slovensku: obchodovanie, portfolio, investí...

ver descrição completa

Na minha lista:
Detalhes bibliográficos
Formato: Capítulo de Livro
Idioma:eslovaco
Assuntos:
Tags: Adicionar Tag
Sem tags, seja o primeiro a adicionar uma tag!

MARC

LEADER 00000naa a2200000 4500
001 r019467
005 20221205102908.6
041 0 |a slo 
044 |a SK 
245 1 0 |a Ceny akcií investičných fondov sú podhodnotené  |b Investičné fondy - zaujímavá investičná príležitosť 
520 |a Vznik investičných fondov v súvislosti s privatizáciou štátnych podnikov kupónovou metódou. Hodnotenie investičných fondov po viac ako dvojročnej existencii. Niektoré fondy sú kótované na BCPB, BOB alebo RM-Systém Bratislava. Analýza investičných fondov na Slovensku: obchodovanie, portfolio, investície (1. časť). 
610 2 0 |a fondy investičné 
610 2 0 |a VÚB Kupón Investičný fond, a.s. Bratislava 
610 2 0 |a Prvý investičný fond, a.s. Bratislava 
610 2 0 |a Garantovaný investičný fond, a.s. Bratislava 
610 2 0 |a Creditanstalt - Slovenský investičný fond, a.s. Bratislava 
610 2 0 |a Tatra kupón fond investičný fond, a.s. Bratislava 
610 2 0 |a adresáre 
610 2 0 |a portfólio 
610 2 0 |a obchody burzové 
610 2 0 |a investície 
610 2 0 |a akcie 
610 2 0 |a ceny